A Fiery & Furious People A History of Violence in England, (Record no. 6570)

MARC details
005 - DATE AND TIME OF LATEST TRANSACTION
control field 20250702083555.0
020 ## - INTERNATIONAL STANDARD BOOK NUMBER
International Standard Book Number 978-1-847-94513-6
082 ## - DEWEY DECIMAL CLASSIFICATION NUMBER
Classification number 658 SHA
100 ## - MAIN ENTRY--PERSONAL NAME
Author name SHARPE, J.
245 ## - TITLE STATEMENT
Title A Fiery & Furious People A History of Violence in England,
260 ## - PUBLICATION, DISTRIBUTION, ETC.
Place of publication, distribution, etc. London,
Name of publisher, distributor, etc. Random House,
Date of publication, distribution, etc. 2016.
300 ## - PHYSICAL DESCRIPTION
Extent vii.; 751p.; picture,
Other physical details Index,
Dimensions 24cm.
942 ## - ADDED ENTRY ELEMENTS (KOHA)
Source of classification or shelving scheme Dewey Decimal Classification
Koha item type Books
Holdings
Date last seen Total checkouts Full call number Barcode Cost, replacement price Price effective from Koha item type Lost status Source of classification or shelving scheme Damaged status Not for loan Withdrawn status Home library Current library Shelving location Date acquired Cost, normal purchase price
07/02/2025   658SHA DOM0003082 90000.00 07/02/2025 Books   Dewey Decimal Classification       CBE Dodoma CBE Dodoma General Collection 07/02/2018 30000.00